000 00568nam a2200229Ia 4500
003 OSt
005 20220924134604.0
006 a|||||r|||| 00| 0
007 ta
008 220923b |||||||| |||| 00| 0 pus d
024 _a280555
037 _cTextual
040 _aARTS
_cARTS
_bpus
041 _2pus
_apus
082 _aO13a, F7
100 _aNelson Ernesto
_9208780
245 0 _aLas bibliotecas en los estados unidos
260 _c1927
300 _a406p.
_ccm.
942 _hO13a, F7
_cTEXL
_2CC
999 _c437938
_d437938